| 000 | 00768nam a2200181Ia 4500 | ||
|---|---|---|---|
| 008 | 090124s9999 xx 000 0 und d | ||
| 082 | _b31684 | ||
| 100 | _aबांदोडकर व. पु. आणि बांदोडकर गो. पु. | ||
| 245 | _a उध्वस्त साम्राज्य | ||
| 250 | _a0 | ||
| 260 |
_bप्रिया प्रकाशन _c1994 |
||
| 300 | _a350 | ||
| 600 | _aबांदोडकर व. पु. आणि बांदोडकर गो. पु. | ||
| 630 | _a उध्वस्त साम्राज्य | ||
| 700 | _aबांदोडकर व. पु. आणि बांदोडकर गो. पु. | ||
| 730 | _a उध्वस्त साम्राज्य | ||
| 942 | _cBOOK | ||
| 999 |
_c97764 _d97764 |
||